Catálogo
 En Linea
Vista normal Vista MARC

Entrada Término temático

Número de registros utilizados en: 1

001 - NÚMERO DE CONTROL

  • campo de control: 89878

003 - IDENTIFICADOR DEL NÚMERO DE CONTROL

  • campo de control: DO-SdBNP

005 - FECHA Y HORA DE LA ÚLTIMA TRANSACCIÓN

  • campo de control: 20260605122655.0

008 - DATOS DE LONGITUD FIJA

  • campo de control de longitud fija: 260605|| aza||aabn | a|a d

040 ## - FUENTE DE LA CATALOGACIÓN

  • Centro catalogador/agencia de origen: DO-SdBNP
  • Centro/agencia transcriptor: DO-SdBNP

150 ## - ENCABEZAMIENTO--TÉRMINO DE MATERIA

  • Término de materia o nombre geográfico como elemento de entrada: Ciudades y pueblos
  • Subdivisión geográfica: Área del Caribe
  • Subdivisión general: Historia
  • Subdivisión general: Bibliografía

670 ## - FUENTE DE DATOS ENCONTRADOS

  • Cita de la fuente: Work cat.: (DO-SdBNP)4309: Moré, Gustavo Luis 13153, Manual bibliográfico sobre la arquitectura y el urbanismo en la historia del Gran Caribe, 1492-1900, 2008.

Con tecnología Koha